00674 2200217 4500001002100000005001500021035002000036007000300056008004100059020002200100082001600122084002200138100003400160245006900194250002000263260006200283300003200345650003700377650002600414990001600440INLIS00000000000027520250710033607 a0010-0725000275ta250710 a 0 ind  a978-623-472-451-6 a398.209 598 a398.209 598 ALL s0 aAll Children Reading Cambodia1 aSiapa yang Bisa Membantuku, ya? /cAll Children Reading Cambodia aCetakan Pertama aJakarta :bBadan Pengembangan dan Pembinaan Bahasa,c2022 a20 hlm. :bilus. ;c22,9 cm 4aCERITA ANAK INDONESIA-TERJEMAHAN 4aLITERASI-BAHAN BACAAN aTBM01370137